1875 1132 1289 1074 1863 1626 1154 1857 1167 1912 1251 1073 1007 1161 1564 1397 1011 1309 1610 1139 1383 1025 1073 1896 1558 1527 1305 1104 1396 1022 1054 1398 1949 1367 1090 1031 1272 1011 1939 1586 1715 1305 1712 1331 1675 1067 1773 1796 1173 1281 1669 1738 1369 1286 1656 1804 1985 1390 1519 1805 1074 1923 1338 1570 1880 1775 1164 1489 1261 1841 1647 1288 1755 1327 1399 1466 1003 1322 1107 1853 1743 1536 1140 1440 1800 1319 1927 1077 1284 1955 1536 1157 1810 1882 1371 1904 1363 1021 1464 BCNSPRNW ULIB Ver.6.0+V

เปลี่ยนเป็นภาษาไทย

Change to English
 แสดงรายละเอียดบรรณานุกรม
  กลับหน้าหลัก

Brief Record : Get Marc (ISO 2709) : E-mail record : QR code < ปิดหน้าต่าง
LEADER : 00000nam 2200000uu 4500
001    13399125483
003     ULIB
008    170614s2559||||th 000 0 tha d
020    ^a 9786167741192
060  0 ^aWY 100 ภ413ป ล.1
100 0  ^aคณาจารย์ภาควิชาการบริหารการพยาบาลและพื้นฐานวิชาชีพ
245 00 ^aปฏิบัติการพยาบาลพื้นฐาน 1 /คณาจารย์ภาควิชาการบริหารการพยาบาลและพื้นฐานวิชาชีพ
250    ^aพิมพ์ครั้งที่ 2
260    ^aกรุงเทพฯ : ภาควิชาการบริหารการพยาบาลและพื้นฐานวิชาชีพ , 2559
300    ^a 201 หน้า :ภาพประกอบ ;26 ซม.
650  0 ^aพยาบาลพื้นฐาน
650  0 ^aพยาลวิชาชีพ
945    ^p220^l0^i25161
999    ^aกัณชพร
รายการนี้ยังไม่มีแท็ก
คุณยังไม่ได้ล็อกอิน คุณสามารถมีกิจกรรมร่วมกับเว็บไซต์ได้ แต่ต้องล็อกอินก่อน ::
  ล็อกอิน

รายการสื่อสารสนเทศ

ลำดับที่ ประเภท เลขเรียก/บาร์โค้ด สถานที่ สถานะ
1. วิทยาศาสตร์การแพทย์ และสุขภาพ
วิทยาศาสตร์การแพทย์ และสุขภาพ
WY 100 ภ413ป ล.1 ฉ.1 
  Barcode: 25161
ห้องสมุดวิทยาเขตนครสวรรค์
►หนังสือทั่วไป:l:General Books
บนชั้น

รายการใกล้เคียง
    ผู้แต่ง [คณาจารย์ภาควิชาการบริหารการพยาบาลและพื้นฐานวิชาชีพ]

    หัวเรื่อง [พยาบาลพื้นฐาน]
    หัวเรื่อง [พยาลวิชาชีพ]

BibComment


ยังไม่เคยถูกคอมเมนท์

คอมเมนท์ทรัพยากรรายการนี้
  คอมเมนท์: ปฏิบัติการพยาบาล..


 Copyright 2026. Bcnsprnw @Library